000 00620cam a2200229 4500
008 000000n2002 000 0 eng u
020 _a1900858762
035 _a(Sirsi) u117459
041 _aeng
050 _a692.5
110 _aBuilding Maintenance Information
_93229
245 _aBMI building maintenance price book 2002
250 _a22nd ed.
260 _aLondon
_bBMI
_c2002
350 _a65.00
650 _aBUILT ENVIRONMENT-BUILDING COSTS
650 _aLABOUR COSTS
650 _aMAINTENANCE COSTS
650 _aBUILDING PRICE BOOKS
690 _aBUILT ENVIRONMENT-BUILDING COSTS
942 _n0
999 _c101989
_d101989